Kobieta i Biznes

Detalles Bibliográficos
Formato: Revista
Lenguaje:polaco
Publicado: Warszawa (Poland) : Szkola Glw̤na Handlowa, 2011-
Materias:
Acceso en línea:http://www.vlex.com/source/7220

MARC

LEADER 00000nas a22000007a 4500
005 20130311144729.0
007 cr|||| ||||
008 130311c20119999po uu|p s|||| 0|||b1pol d
022 |a 12309427  
035 |a 7220 
040 |a vLex 
090 |c 3884  |d 3884 
245 0 0 |a Kobieta i Biznes  |h [Recurso electrn̤ico]  
256 |a Servicio en ln̕ea 
260 |a Warszawa (Poland) :  |b Szkola Glw̤na Handlowa,   |c 2011- 
300 |a 1 Recurso electrn̤ico 
506 |d vLex Global  |d vLex Global (Academic Edition, excluding Law Schools)  |d vLex Global (U.S. Academic Edition, Law Schools)  |d vLex Global (U.S. Academic Edition, excluding Law Schools)  |d vLex Global (Academic Edition, Law Schools) 
650 0 4 |a Economa̕  |v Revistas  |z Polonia 
740 |a vLex Revistas (Servicio en ln̕ea) 
856 |a Acceso restringido  |u http://www.vlex.com/source/7220 
942 |c REV 
999 0 |a Economics